| 000 | 00505nam a22001937a 4500 | ||
|---|---|---|---|
| 003 | OSt | ||
| 005 | 20140310181914.0 | ||
| 008 | 130715t xxu||||| |||| 00| 0 eng d | ||
| 020 | _a0673240169 | ||
| 050 |
_aQA 115 _b.Es78 1985 |
||
| 082 |
_aTR 371.32 _bEs7 1985 |
||
| 245 | _aEssential mathematics for life. | ||
| 260 |
_aIllinois : _bScott, Foresman and Company, _cc1985. |
||
| 300 |
_a172 p. ; _c27 cm. |
||
| 521 | _aFaculty | ||
| 541 | _j1 | ||
| 562 | _e1 | ||
| 942 |
_2lcc _cBK-TR _kTR |
||
| 999 |
_c6660 _d6660 |
||